000 00428nam a2200145Ia 4500
008 100204s9999 xx 000 0 und d
082 _b26798
100 _aभारव्दाज मंदाकिनी
245 _aखेळीया
260 _b"पायल पब्लिकेशन , पुणे"
_c2006
300 _a248
630 _aखेळीया
730 _aखेळीया
942 _cBOOK
999 _c472033
_d472030